Statystyki dla Miasta, które zmieniły nazwę

Kliknij tutaj aby rozwiązać quiz!

Ogólne statystyki

  • Ten quiz został rozwiązany 54 razy
  • Średni wynik to 6 z 12

Statystyki odpowiedzi

Poprzednia nazwaAktualna nazwa% Poprawnych
KonstantynopolStambuł
87%
BombajMumbaj
78%
LeningradSankt Petersburg
72%
AstanaNur-Sułtan
63%
StalingradWołgograd
52%
KalkutaKolkata
50%
EdoTokio
43%
SajgonHo Chi Minh
37%
SmyrnaIzmir
30%
PhenianPjongjang
28%
MadrasĆennaj
15%
HalebAleppo
11%

Rozkład punktacji

Percentyl według liczby udzielonych odpowiedzi

Procent ludzi z każdym wynikiem

Twoja historia wyników

Nie rozwiązałeś tego quizu